Les Pokémon des champions d'arène et du Conseil 4 de Galar - Statistiques

Statistiques générales
  • Ce quiz a été pris 64 fois
  • Le résultat moyen est 34 sur 71
Statistiques - réponses
Hint Réponse % Correct
Blancoton
89%
Torgamord
85%
Charmilly
83%
Ixon
83%
Scolocendre
83%
Dracaufeu
81%
Duralugon
81%
Mackogneur
79%
Monthracite
79%
Ectoplasma
77%
Lona Beldeneige
74%
Percy Tournicoton
74%
Pyrobut
72%
Gorythmic
70%
Lézargus
70%
Hastacuda
68%
Dolman
66%
Lanssorien
66%
Dratatin
64%
Libégon
64%
Lokhlass
64%
Pomdrapi
64%
Corayôme
62%
Embrochet
62%
Kabu Feunard
62%
Arcanin
60%
Palarticho
60%
Békaglaçon
57%
Krakos
57%
Dunaconda
55%
Tarak Exagide
51%
Donna Poissirène
51%
Polthégeist
51%
M. Glaquette
49%
Poissoroy
49%
Hexadron
47%
Tutétékri
45%
Peterson Baggaïd
43%
Chartor
43%
Chartor
43%
Moufflair
43%
Sally Smogogo
43%
Darumacho
40%
Roy Gigalithe
40%
Faïza Kapoera
40%
Ludicolo
38%
Tengalice
36%
Tranchodon
36%
Lugulabre
30%
Muplodocus
30%
Salarsen
30%
Alistair Tutafeh
30%
Bekipan
28%
Brutalibré
28%
Noctunoir
28%
Togekiss
28%
Crapustule
26%
Mimiqui
26%
Sarmuraï
26%
Sepiatroce
23%
Joliflor
21%
Tyranocif
21%
Cériflor
19%
Maraiste
19%
Pandarbare
19%
Boumata
17%
Chaz Golgopathe
17%
Caratroc
15%
Malamandre
15%
Prédastérie
15%
Mystibule
2%
Aucun quiz correspondant
Distribution des résultats
% des personnes avec chaque résultat
Percentile par nombre de réponses
Votre historique - résultats
Vous n’avez pas pris ce quiz